| 000 | 00756nam a22001697a 4500 | ||
|---|---|---|---|
| 999 |
_c63869 _d63869 |
||
| 003 | Ge_BSU | ||
| 005 | 20260209172408.0 | ||
| 008 | 260209s1962 ge ||||| |||| 00| 0 geo d | ||
| 041 | _ageo | ||
| 080 | _a330.1(072) თ-67 | ||
| 100 |
_aთოდუა, გ. _926849 |
||
| 245 |
_aრას შეისწავლის პოლიტიკური ეკონომია : _b(მეთოდ. მითითება პროპაგანდისტთა დასახმარებლად) / _cგ. თოდუა. |
||
| 264 |
_aთბ. : _bსაბჭ. საქართველო, _c1962. |
||
| 300 |
_a63 გვ. ; _b20 სმ. |
||
| 653 | _aპოლიტიკური ეკონომია | ||
| 942 |
_2udc _cᲬᲘᲒᲜᲘ |
||